Transport statistics for Great Britain 2002- (Record no. 104313)

MARC details
000 -LEADER
fixed length control field 00702cam a22001935a 4500
001 - CONTROL NUMBER
control field L129945
008 - FIXED-LENGTH DATA ELEMENTS--GENERAL INFORMATION
fixed length control field 050607c2002 xxk 000 0 eng u
035 ## - SYSTEM CONTROL NUMBER
System control number (Sirsi) u129945
041 ## - LANGUAGE CODE
Language code of text/sound track or separate title eng
050 ## - LIBRARY OF CONGRESS CALL NUMBER
Classification number 380.50212
-- 18
110 ## - MAIN ENTRY--CORPORATE NAME
Corporate name or jurisdiction name as entry element Department for Transport
9 (RLIN) 4683
245 00 - TITLE STATEMENT
Title Transport statistics for Great Britain 2002-
250 ## - EDITION STATEMENT
Edition statement 28th ed-
260 ## - PUBLICATION, DISTRIBUTION, ETC.
Place of publication, distribution, etc. London
Name of publisher, distributor, etc. TSO
Date of publication, distribution, etc. 2002-
520 ## - SUMMARY, ETC.
Summary, etc. Provides an accurate and comprehensive picture of transport patronage in Great Britain.
690 ## - LOCAL SUBJECT ADDED ENTRY--TOPICAL TERM (OCLC, RLIN)
Topical term or geographic name as entry element PROPERTY-INFRASTRUCTURE
856 ## - ELECTRONIC LOCATION AND ACCESS
Uniform Resource Identifier <a href="https://www.dft.gov.uk/stellent/groups/dft_transstats/documents/divisionhomepage/031571.hcsp">https://www.dft.gov.uk/stellent/groups/dft_transstats/documents/divisionhomepage/031571.hcsp</a>
Public note View the item free of charge at www.dft.gov.uk...
942 ## - ADDED ENTRY ELEMENTS (KOHA)
Suppress in OPAC 0
Holdings
Withdrawn status Lost status Source of classification or shelving scheme Damaged status Not for loan Home library Current library Shelving location Date acquired Total Checkouts Full call number Barcode Date last seen Copy number Price effective from Koha item type
    Dewey Decimal Classification     Virtual Virtual Online 07/06/2005   ONLINE PUBLICATION 129945-2001 06/08/2019 1 06/08/2019 Book